000 00650nam a2200241Ia 4500
003 OSt
005 20220918191730.0
006 a|||||r|||| 00| 0
007 ta
008 220917b |||||||| |||| 00| 0 eng d
024 _a64,829
037 _cTextual
040 _aARTS
_cARTS
_beng
041 _2eng
_aeng
082 _aQ4:22:g, L1 (P15)
100 _aBarua Dipak Kumar
245 0 _aAnalytical study of four Nikayas
260 _acalcutta
_bRabindra Bharati Univ
_c1971
300 _axviii,626p.
_ccm.
650 _aRELIGION
942 _hQ4:22:g, L1 (P15)
_cTEXL
_2CC
999 _c191192
_d191192